| 000 | 00669cam a2200205 a 4500 | ||
|---|---|---|---|
| 001 | 000004384 | ||
| 005 | 20200929151432.0 | ||
| 008 | 751202s1975 sp 001 0 spa | ||
| 020 | _a8472503992 | ||
| 040 |
_aDO-SdBNP _cDLC _dDLC |
||
| 050 | 0 | 0 |
_aDK276 _b.C27 |
| 082 |
_ann _bC177h |
||
| 100 | 1 |
_aCambra, Fernando P. de. _912904 |
|
| 245 | 1 | 0 |
_aHomo sovieticus : _bla vida actual en Rusia / _cFernando P. de Cambra. |
| 260 |
_aBarcelona : _bPetronio, _c1975. |
||
| 300 |
_a296 p. ; _c21 cm. |
||
| 651 | 0 |
_aSoviet Union _xSocial Life And Customs _y1970-1991. _912905 |
|
| 651 | 0 |
_aSoviet Union _xSocial Conditions _y1970-1991. _912906 |
|
| 910 | _aCatalogación por copia / LC | ||
| 999 |
_c4193 _d4193 |
||